[Event "Gaprindashvili Cup Open II Stage 2020"]
[Site "Online"]
[Date "2020.11.08"]
[Round "2.13"]
[White "Kekelidze, Mikheil"]
[Black "Nemsadze, Daviti"]
[Result "0-1"]
[WhiteElo "2388"]
[BlackElo "1690"]
[Annotator "ChessBase"]
[PlyCount "128"]
[EventDate "2020.11.04"]
[EventType "swiss"]
[SourceTitle "playchess.com"]
[Source "ChessBase"]
[SourceQuality "1"]
[TimeControl "1500+5"]

1. d4 {[%emt 0:00:19]} d6 {[%emt 0:00:10]} 2. e4 {[%emt 0:00:05]} Nf6 {[%emt 0:00:42]} 3. Nc3 {[%emt 0:00:11]} Nbd7 {[%emt 0:00:21]} 4. f4 {[%emt 0:00:34]} e5 {[%emt 0:01:09]} 5. Nf3 {[%emt 0:00:04]} exd4 {[%emt 0:01:15]} 6. Qxd4 {[%emt 0:00:05]} c6 {[%emt 0:00:49]} 7. Be3 {[%emt 0:00:05]} d5 {[%emt 0:00:50]} 8. e5 {[%emt 0:03:04]} Ng4 {[%emt 0:00:30]} 9. Bg1 {[%emt 0:00:32]} Nh6 {[%emt 0:00:40]} 10. Qd2 {[%emt 0:00:34]} Bc5 {[%emt 0:00:26]} 11. O-O-O {[%emt 0:00:40]} O-O {[%emt 0:00:23]} 12. Bd3 {[%emt 0:01:03]} Bxg1 {[%emt 0:00:12]} 13. Rhxg1 {[%emt 0:00:05]} Nc5 {[%emt 0:00:11]} 14. h3 {[%emt 0:01:50]} f6 {[%emt 0:01:18]} 15. g4 {[%emt 0:00:27]} fxe5 {[%emt 0:00:04]} 16. Nxe5 {[%emt 0:00:14]} Nf7 {[%emt 0:00:13]} 17. Nxf7 {[%emt 0:00:32]} Rxf7 {[%emt 0:00:04]} 18. f5 {[%emt 0:00:02]} Nxd3+ {[%emt 0:01:13]} 19. cxd3 {[%emt 0:02:39]} Bd7 {[%emt 0:00:20]} 20. Qf2 {[%emt 0:01:53]} b5 {[%emt 0:00:22]} 21. Kb1 {[%emt 0:00:15]} Qf6 {[%emt 0:00:19]} 22. Rde1 {[%emt 0:00:48]} a5 {[%emt 0:00:23]} 23. Qf4 {[%emt 0:02:16]} Qh4 {[%emt 0:00:41]} 24. Qg3 {[%emt 0:00:30]} Qxg3 {[%emt 0:00:24]} 25. Rxg3 {[%emt 0:00:04]} g6 {[%emt 0:00:10]} 26. fxg6 {[%emt 0:00:59]} hxg6 {[%emt 0:00:03]} 27. Kc1 {[%emt 0:00:52]} a4 {[%emt 0:00:14]} 28. a3 {[%emt 0:00:33]} Raf8 {[%emt 0:00:18]} 29. Kd2 {[%emt 0:00:09]} Rf2+ {[%emt 0:00:21]} 30. Re2 {[%emt 0:00:07]} d4 {[%emt 0:00:19]} 31. Ne4 {[%emt 0:00:14]} Rf1 {[%emt 0:00:17]} 32. Re1 {[%emt 0:02:20]} Kg7 {[%emt 0:00:16]} 33. Rg1 {[%emt 0:01:05]} Rxg1 {[%emt 0:00:08]} 34. Rxg1 {[%emt 0:00:06]} Rf3 {[%emt 0:00:12]} 35. Rg3 {[%emt 0:00:25]} Rf1 {[%emt 0:00:11]} 36. Rg2 {[%emt 0:01:05]} Be6 {[%emt 0:00:19]} 37. Rf2 {[%emt 0:00:11]} Rb1 {[%emt 0:00:18]} 38. Kc2 {[%emt 0:00:04]} Rh1 {[%emt 0:00:05]} 39. Ng5 {[%emt 0:00:15]} Bb3+ {[%emt 0:00:05]} 40. Kd2 {[%emt 0:00:02]} Rb1 {[%emt 0:00:08]} 41. Rf4 {[%emt 0:00:10]} c5 {[%emt 0:00:15]} 42. Ne4 {[%emt 0:00:11]} b4 {[%emt 0:00:09]} 43. Nxc5 {[%emt 0:00:31]} Rxb2+ {[%emt 0:00:06]} 44. Kc1 {[%emt 0:00:14]} Rc2+ {[%emt 0:00:04]} 45. Kb1 {[%emt 0:00:03]} bxa3 {[%emt 0:00:11]} 46. Nxb3 {[%emt 0:00:10]} axb3 {[%emt 0:00:04]} 47. Rf1 {[%emt 0:00:03]} a2+ {[%emt 0:00:15]} 48. Ka1 {[%emt 0:00:02]} Rd2 {[%emt 0:00:23]} 49. h4 {[%emt 0:00:06]} Rxd3 {[%emt 0:00:05]} 50. Kb2 {[%emt 0:00:06]} Rg3 {[%emt 0:00:40]} 51. h5 {[%emt 0:00:02]} g5 {[%emt 0:00:14]} 52. Rd1 {[%emt 0:00:05]} Kf6 {[%emt 0:00:10]} 53. h6 {[%emt 0:00:10]} Kg6 {[%emt 0:00:03]} 54. Rh1 {[%emt 0:00:03]} Kh7 {[%emt 0:00:01]} 55. Re1 {[%emt 0:00:12]} Kxh6 {[%emt 0:00:04]} 56. Re6+ {[%emt 0:00:01]} Kg7 {[%emt 0:00:02]} 57. Ra6 {[%emt 0:00:06]} Kf7 {[%emt 0:00:51]} 58. Ra4 {[%emt 0:00:09]} Ke6 {[%emt 0:00:02]} 59. Ra5 {[%emt 0:00:08]} Kd6 {[%emt 0:00:06]} 60. Ka1 {[%emt 0:00:03]} Rg1+ {[%emt 0:00:02]} 61. Kb2 {[%emt 0:00:02]} a1=Q+ {[%emt 0:00:02]} 62. Rxa1 {[%emt 0:00:03]} Rxa1 {[%emt 0:00:01]} 63. Kxa1 {[%emt 0:00:01]} d3 {[%emt 0:00:01]} 64. Kb2 {[%emt 0:00:01]} d2 {[%emt 0:00:01]} 0-1

[Event "Gaprindashvili Cup Open II Stage 2020"]
[Site "Online"]
[Date "2020.11.08"]
[Round "2.14"]
[White "Chanturia, Lasha"]
[Black "Chighladze, Iveri"]
[Result "0-1"]
[WhiteElo "1761"]
[BlackElo "2335"]
[Annotator "ChessBase"]
[PlyCount "82"]
[EventDate "2020.11.04"]
[EventType "swiss"]
[SourceTitle "playchess.com"]
[Source "ChessBase"]
[SourceQuality "1"]
[TimeControl "1500+5"]

1. e4 {[%emt 0:00:00]} Nf6 {[%emt 0:00:04]} 2. e5 {[%emt 0:00:05]} Nd5 {[%emt 0:00:02]} 3. Nc3 {[%emt 0:00:02]} Nxc3 {[%emt 0:00:05]} 4. dxc3 {[%emt 0:00:04]} Nc6 {[%emt 0:00:03]} 5. Nf3 {[%emt 0:00:03]} g6 {[%emt 0:00:03]} 6. Bb5 {[%emt 0:00:07]} Bg7 {[%emt 0:00:03]} 7. Bxc6 {[%emt 0:00:07]} bxc6 {[%emt 0:00:09]} 8. O-O {[%emt 0:00:08]} O-O {[%emt 0:00:04]} 9. Bf4 {[%emt 0:00:11]} d6 {[%emt 0:00:03]} 10. Qe2 {[%emt 0:00:27]} c5 {[%emt 0:00:04]} 11. Rad1 {[%emt 0:00:18]} Bb7 {[%emt 0:00:07]} 12. Nd2 {[%emt 0:00:20]} Qc8 {[%emt 0:00:06]} 13. exd6 {[%emt 0:00:20]} exd6 {[%emt 0:00:06]} 14. Rfe1 {[%emt 0:00:10]} Qf5 {[%emt 0:00:33]} 15. Bg3 {[%emt 0:00:43]} Qxc2 {[%emt 0:00:09]} 16. Rc1 {[%emt 0:00:49]} Qa4 {[%emt 0:00:13]} 17. Qe7 {[%emt 0:00:13]} Bh6 {[%emt 0:01:03]} 18. Red1 {[%emt 0:01:33]} Qc6 {[%emt 0:00:18]} 19. f3 {[%emt 0:00:20]} Qe8 {[%emt 0:01:32]} 20. Qxe8 {[%emt 0:03:59]} Rfxe8 {[%emt 0:00:06]} 21. Kf1 {[%emt 0:00:02]} Ba6+ {[%emt 0:00:59]} 22. c4 {[%emt 0:00:06]} d5 {[%emt 0:00:09]} 23. b3 {[%emt 0:00:06]} dxc4 {[%emt 0:00:07]} 24. bxc4 {[%emt 0:00:05]} Rad8 {[%emt 0:00:05]} 25. f4 {[%emt 0:00:29]} Rd4 {[%emt 0:00:46]} 26. Kf2 {[%emt 0:01:04]} Red8 {[%emt 0:00:26]} 27. Ke2 {[%emt 0:00:20]} Bxf4 {[%emt 0:00:17]} 28. Bxf4 {[%emt 0:00:24]} Rxf4 {[%emt 0:00:06]} 29. Nf3 {[%emt 0:00:51]} Rxd1 {[%emt 0:00:08]} 30. Rxd1 {[%emt 0:00:13]} Rxc4 {[%emt 0:00:07]} 31. Rd8+ {[%emt 0:00:20]} Kg7 {[%emt 0:00:05]} 32. Ke3 {[%emt 0:00:04]} Rc2 {[%emt 0:00:15]} 33. Rd7 {[%emt 0:00:08]} Re2+ {[%emt 0:00:22]} 34. Kf4 {[%emt 0:00:06]} Rxg2 {[%emt 0:00:30]} 35. Rxc7 {[%emt 0:00:03]} Rxa2 {[%emt 0:01:20]} 36. Rxa7 {[%emt 0:00:11]} Bc4 {[%emt 0:00:17]} 37. Rc7 {[%emt 0:00:11]} Bd5 {[%emt 0:00:07]} 38. Ng5 {[%emt 0:00:52]} Rf2+ {[%emt 0:00:47]} 39. Ke3 {[%emt 0:00:12]} Rxh2 {[%emt 0:00:24]} 40. Rxc5 {[%emt 0:00:08]} h6 {[%emt 0:00:10]} 41. Rxd5 {[%emt 0:00:24]} Rh5 {[%emt 0:00:10]} 0-1

[Event "Gaprindashvili Cup Open II Stage 2020"]
[Site "Online"]
[Date "2020.11.08"]
[Round "2.15"]
[White "Tsanatsqenishvili, Alexandre"]
[Black "Mindiashvili, Tengiz"]
[Result "0-1"]
[WhiteElo "1702"]
[BlackElo "1923"]
[Annotator "NA"]
[PlyCount "36"]
[EventDate "2020.11.04"]
[EventType "swiss"]
[SourceTitle "playchess.com"]
[Source "ChessBase"]
[SourceQuality "1"]
[TimeControl "1500+5"]

1. e4 {[%emt 0:00:02]} e5 {[%emt 0:00:05]} 2. Nf3 {[%emt 0:00:03]} Nc6 {[%emt 0:00:02]} 3. Bb5 {[%emt 0:00:02]} f5 {[%emt 0:00:02]} 4. d3 {[%emt 0:01:14]} fxe4 {[%emt 0:00:44]} 5. dxe4 {[%emt 0:00:04]} Nf6 {[%emt 0:00:02]} 6. O-O {[%emt 0:00:03]} d6 {[%emt 0:00:47]} 7. Nc3 {[%emt 0:03:46]} Be7 {[%emt 0:00:15]} 8. h3 {[%emt 0:06:49]} O-O {[%emt 0:00:19]} 9. Bc4+ {[%emt 0:00:05]} Kh8 {[%emt 0:00:03]} 10. Ng5 {[%emt 0:00:01]} Qe8 {[%emt 0:00:51]} 11. f4 {[%emt 0:00:04]} h6 {[%emt 0:00:47]} 12. Nf3 {[%emt 0:00:28]} exf4 {[%emt 0:00:31]} 13. Re1 {[%emt 0:04:55]} Ne5 {[%emt 0:02:59]} 14. Bb3 {[%emt 0:00:07]} Qg6 {[%emt 0:00:46]} 15. Bxf4 {[%emt 0:00:54]} Nxf3+ {[%emt 0:01:26]} 16. Qxf3 {[%emt 0:00:05]} Nh5 {[%emt 0:00:02]} 17. Ne2 {[%emt 0:01:05]} Bg5 {[%emt 0:00:13]} 18. g3 {[%emt 0:00:06]} Bxf4 {[%emt 0:00:05]} 0-1

[Event "Gaprindashvili Cup Open II Stage 2020"]
[Site "Online"]
[Date "2020.11.08"]
[Round "2.16"]
[White "Didmanidze, Tengiz"]
[Black "Kupatadze, Tornike"]
[Result "1-0"]
[WhiteElo "1922"]
[BlackElo "1657"]
[Annotator "TA"]
[PlyCount "153"]
[EventDate "2020.11.04"]
[EventType "swiss"]
[SourceTitle "playchess.com"]
[Source "ChessBase"]
[SourceQuality "1"]

{[%evp 9,153,53,62,16,18,18,28,27,39,27,69,71,77,77,135,59,65,37,43,44,57,42,42,41,49,43,41,25,30,19,20,23,29,13,31,33,36,27,56,8,72,-224,-216,-244,-249,-267,-269,-266,-225,-344,-313,-510,0,0,0,0,0,0,0,0,0,0,0,0,0,0,0,0,0,0,0,0,0,0,220,24,106,0,6,6,581,538,2877,1233,12833,12833,12833,12834,12834,12834,12839,12835,12835,12835,12836,12836,12837,12837,12837,12838,12838,12839,12839,12839,12841,12840,12840,12841,12841,12841,12842,12841,12843,12842,12842,12843,12844,12843,12843,12844,12844,12845,12845,12844,12845,12845,27999,27999,27999,27999,27999,27999,27999,27999,27999,27999,27999,27999,27999,-28000,27999,27999,27999,27999,27999,27999]} 1. d4 g6 2. c4 Bg7 3. e4 d6 4. Nc3 Nc6 5. d5 Nd4 6. h3 {[#] A42: Modern Defence: Averbakh Variation.} e5 $146 ({Predecessor:} 6... c5 7. Nge2 Qb6 8. Nxd4 cxd4 9. Nb5 a6 10. c5 dxc5 11. Na3 d3 12. Nc4 Qb4+ 13. Nd2 Bxb2 {1-0 (36) Kelemen,L (1580)-Klein,R (1784) Budapest 2008}) 7. Bd3 f5 8. exf5 {White has an edge.} Bxf5 9. Bxf5 Nxf5 10. Nf3 Nf6 11. Ng5 Nd4 ({Better is} 11... Qe7) 12. O-O ({White should play} 12. Ne2 $16) 12... h6 13. Nge4 Nxe4 14. Nxe4 O-O 15. Qg4 Kh7 16. Be3 Qc8 17. Qxc8 Raxc8 18. Bxd4 (18. Rab1 {is more complex.} a5 19. b3 Ne2+ 20. Kh2 Nd4 21. Rfe1) 18... exd4 19. Rfd1 Be5 20. Kf1 c5 21. Ke2 a6 22. Kd3 b5 23. b3 Rb8 24. Rab1 Rb6 (24... g5 $11) 25. Nd2 $2 {[%mdl 8192]} (25. Re1 $16 {keeps the pressure on.}) 25... Rxf2 $19 26. Rf1 Rxg2 27. Rf7+ Kg8 28. Rbf1 {With the idea Rf8+.} Rg3+ 29. Kc2 (29. R7f3 $142) 29... g5 (29... Rxh3 30. Rf8+ Kh7 31. R1f7+ Bg7 32. Ne4 $15) 30. Ra7 $2 (30. R7f3 {was called for.}) 30... Bf4 $2 (30... Rxh3 $19 31. Kd1 d3) 31. Ne4 $11 {[#] Hoping for Nf6+.} Rg2+ 32. Kd1 Be5 {Strongly threatening ...g4.} (32... bxc4 $5 33. Nf6+ $8 Kf8 $11) 33. Nf6+ Bxf6 $1 34. Rxf6 {[%mdl 4096] Endgame KRR-KRR} Rb8 35. Rg6+ Kf8 36. Rxh6 {[%cal Rh6h8]} Kg8 37. Rg6+ Kf8 38. cxb5 axb5 39. Rxd6 Rf2 40. Rh6 {[%cal Rh6h8]} Kg8 41. d6 {Threatens to win with Rg6+.} Rf7 $2 (41... Re8 $11 {and Black stays safe.}) 42. Rg6+ $2 (42. Rc7 $18) 42... Kf8 (42... Kh7 $1 $11 {keeps the balance.} 43. Rxf7+ Kxg6) 43. Rxf7+ (43. d7 $16) 43... Kxf7 44. Rxg5 $16 {KR-KR} c4 $2 {[%mdl 8192]} (44... Ke6 $11 {and Black is okay.}) 45. Rd5 $18 Ke6 46. Rxd4 (46. bxc4 $142 bxc4 47. Rxd4) 46... cxb3 47. axb3 Kd7 48. Kd2 Rh8 49. h4 Rc8 50. Kd3 Rc5 51. b4 Rh5 52. Ke3 Rf5 53. Ke4 Rh5 54. Kf3 Rh8 55. Kg4 Rg8+ 56. Kh3 Rg7 57. h5 Rg1 58. Kh4 Rh1+ 59. Kg5 Rg1+ 60. Kh6 Rg2 61. Kh7 Rg5 62. h6 Rg3 63. Kh8 Rg6 64. h7 Rg5 65. Rd3 Rg4 66. Rd5 Rg3 67. Rxb5 Kxd6 68. Rb7 Ke6 69. Rg7 Rc3 70. b5 Rc8+ 71. Rg8 Rc7 72. Re8+ Kf7 {[#]} 73. Rg8 $1 Kf6 74. Ra8 Kf7 $4 {[%mdl 8192]} (74... Kg6 75. Rb8 Rxh7+ 76. Kg8 Rg7+ 77. Kh8 Rh7+ 78. Kg8 Rg7+ 79. Kh8 Rh7+) 75. b6 {White mates.} Rc6 76. b7 Re6 77. b8=Q {Quite a comeback for White. Av CentiPawn Loss W=-31/B=-82. Weighted=-46/-63} 1-0

[Event "Gaprindashvili Cup Open II Stage 2020"]
[Site "Online"]
[Date "2020.11.08"]
[Round "2.17"]
[White "Tsanatsqenishvili, Giorgi"]
[Black "Adamia, Jaba"]
[Result "1/2-1/2"]
[WhiteElo "1631"]
[BlackElo "1899"]
[Annotator "NA"]
[PlyCount "85"]
[EventDate "2020.11.04"]
[EventType "swiss"]
[SourceTitle "playchess.com"]
[Source "ChessBase"]
[SourceQuality "1"]
[TimeControl "1500+5"]

1. e4 {[%emt 0:00:00]} c5 {[%emt 0:00:04]} 2. Nf3 {[%emt 0:00:02]} e6 {[%emt 0:00:05]} 3. d4 {[%emt 0:00:02]} cxd4 {[%emt 0:00:03]} 4. Nxd4 {[%emt 0:00:02]} a6 {[%emt 0:00:04]} 5. g3 {[%emt 0:00:01]} Qc7 {[%emt 0:00:13]} 6. Bg2 {[%emt 0:00:02]} Nc6 {[%emt 0:00:09]} 7. Be3 {[%emt 0:00:18]} Nf6 {[%emt 0:00:08]} 8. O-O {[%emt 0:00:03]} Be7 {[%emt 0:00:36]} 9. Nc3 {[%emt 0:00:19]} O-O {[%emt 0:01:02]} 10. Nxc6 {[%emt 0:00:21]} dxc6 {[%emt 0:00:06]} 11. a4 {[%emt 0:00:59]} a5 {[%emt 0:00:51]} 12. f4 {[%emt 0:00:22]} e5 {[%emt 0:00:17]} 13. f5 {[%emt 0:00:11]} Rd8 {[%emt 0:00:14]} 14. Qe2 {[%emt 0:00:04]} b6 {[%emt 0:00:04]} 15. Rfd1 {[%emt 0:00:32]} Rxd1+ {[%emt 0:00:32]} 16. Rxd1 {[%emt 0:00:05]} Ba6 {[%emt 0:00:06]} 17. Qf3 {[%emt 0:00:04]} Rd8 {[%emt 0:00:22]} 18. g4 {[%emt 0:00:19]} Rxd1+ {[%emt 0:00:31]} 19. Qxd1 {[%emt 0:00:03]} Nd7 {[%emt 0:00:28]} 20. g5 {[%emt 0:00:25]} Bc5 {[%emt 0:01:20]} 21. Bxc5 {[%emt 0:01:18]} Nxc5 {[%emt 0:00:08]} 22. h4 {[%emt 0:04:44]} Qd7 {[%emt 0:00:44]} 23. Qxd7 {[%emt 0:00:10]} Nxd7 {[%emt 0:00:04]} 24. Kf2 {[%emt 0:00:15]} Kf8 {[%emt 0:00:26]} 25. Nd1 {[%emt 0:00:43]} Ke7 {[%emt 0:01:41]} 26. Ke3 {[%emt 0:00:40]} Kd6 {[%emt 0:01:03]} 27. Bh3 {[%emt 0:01:59]} f6 {[%emt 0:00:43]} 28. g6 {[%emt 0:01:08]} h6 {[%emt 0:00:27]} 29. b3 {[%emt 0:00:08]} Nc5 {[%emt 0:00:48]} 30. Nc3 {[%emt 0:01:00]} Nb7 {[%emt 0:00:33]} 31. Bg4 {[%emt 0:00:24]} Kc5 {[%emt 0:00:25]} 32. Be2 {[%emt 0:00:08]} Bxe2 {[%emt 0:00:19]} 33. Nxe2 {[%emt 0:00:02]} Kb4 {[%emt 0:01:07]} 34. Kd2 {[%emt 0:02:41]} Nd6 {[%emt 0:00:45]} 35. Nc3 {[%emt 0:00:25]} Ne8 {[%emt 0:03:44]} 36. h5 {[%emt 0:00:14]} Nc7 {[%emt 0:00:10]} 37. Kd3 {[%emt 0:02:41]} Na6 {[%emt 0:00:36]} 38. Kd2 {[%emt 0:00:51]} Nc5 {[%emt 0:01:32]} 39. Na2+ {[%emt 0:00:03]} Ka3 {[%emt 0:00:03]} 40. Nc3 {[%emt 0:00:01]} Kb2 {[%emt 0:01:30]} 41. Nd1+ {[%emt 0:00:09]} Kb1 {[%emt 0:01:03]} 42. Nc3+ {[%emt 0:00:16]} Kb2 {[%emt 0:00:14]} 43. Nd1+ {[%emt 0:00:02]} 1/2-1/2

[Event "Gaprindashvili Cup Open II Stage 2020"]
[Site "Online"]
[Date "2020.11.08"]
[Round "2.18"]
[White "Endeladze, Ramaz"]
[Black "Gogolashvili, Giorgi"]
[Result "1-0"]
[WhiteElo "1894"]
[BlackElo "1448"]
[Annotator "NA"]
[PlyCount "83"]
[EventDate "2020.11.04"]
[EventType "swiss"]
[SourceTitle "playchess.com"]
[Source "ChessBase"]
[SourceQuality "1"]
[TimeControl "1500+5"]

1. d4 {[%emt 0:00:01]} g6 {[%emt 0:00:08]} 2. Nf3 {[%emt 0:00:07]} Bg7 {[%emt 0:00:02]} 3. c4 {[%emt 0:00:01]} d6 {[%emt 0:00:01]} 4. Nc3 {[%emt 0:00:02]} Nc6 {[%emt 0:00:01]} 5. g3 {[%emt 0:00:01]} e5 {[%emt 0:00:02]} 6. dxe5 {[%emt 0:00:24]} Nxe5 {[%emt 0:00:05]} 7. Nxe5 {[%emt 0:00:02]} Bxe5 {[%emt 0:00:04]} 8. Bg2 {[%emt 0:00:02]} Ne7 {[%emt 0:00:15]} 9. O-O {[%emt 0:00:03]} O-O {[%emt 0:00:05]} 10. Bh6 {[%emt 0:00:09]} Re8 {[%emt 0:00:32]} 11. Bg5 {[%emt 0:00:10]} Be6 {[%emt 0:01:30]} 12. Nd5 {[%emt 0:01:23]} Bxd5 {[%emt 0:00:09]} 13. cxd5 {[%emt 0:00:02]} Qd7 {[%emt 0:00:11]} 14. Qd2 {[%emt 0:00:08]} Nf5 {[%emt 0:00:24]} 15. Bh3 {[%emt 0:00:04]} Bg7 {[%emt 0:01:40]} 16. Rfe1 {[%emt 0:00:20]} Qb5 {[%emt 0:00:24]} 17. Bxf5 {[%emt 0:00:13]} gxf5 {[%emt 0:00:02]} 18. Rab1 {[%emt 0:00:07]} Re5 {[%emt 0:00:13]} 19. Rbd1 {[%emt 0:00:02]} Rae8 {[%emt 0:00:22]} 20. e3 {[%emt 0:00:02]} Re4 {[%emt 0:00:27]} 21. b3 {[%emt 0:00:05]} Rg4 {[%emt 0:00:46]} 22. Bf4 {[%emt 0:00:10]} Rg6 {[%emt 0:00:49]} 23. Qc2 {[%emt 0:00:05]} Qd7 {[%emt 0:00:17]} 24. Rc1 {[%emt 0:00:04]} Re7 {[%emt 0:00:06]} 25. Qd3 {[%emt 0:00:21]} Be5 {[%emt 0:00:53]} 26. Rc4 {[%emt 0:00:32]} b5 {[%emt 0:00:58]} 27. Rcc1 {[%emt 0:00:04]} b4 {[%emt 0:01:01]} 28. Rc4 {[%emt 0:00:09]} Bc3 {[%emt 0:00:03]} 29. Rd1 {[%emt 0:00:17]} a5 {[%emt 0:02:43]} 30. a4 {[%emt 0:00:04]} Re8 {[%emt 0:05:34]} 31. Rc6 {[%emt 0:00:08]} h5 {[%emt 0:02:30]} 32. h4 {[%emt 0:00:05]} Re4 {[%emt 0:00:45]} 33. Qb5 {[%emt 0:00:05]} Qe7 {[%emt 0:01:21]} 34. Qb8+ {[%emt 0:00:06]} Kg7 {[%emt 0:00:02]} 35. Qxc7 {[%emt 0:01:08]} Qxh4 {[%emt 0:01:04]} 36. Rxd6 {[%emt 0:00:08]} Qg4 {[%emt 0:00:27]} 37. Rxg6+ {[%emt 0:00:06]} Kxg6 {[%emt 0:00:08]} 38. Rf1 {[%emt 0:00:28]} h4 {[%emt 0:00:33]} 39. f3 {[%emt 0:00:10]} Qh3 {[%emt 0:00:45]} 40. fxe4 {[%emt 0:00:05]} fxe4 {[%emt 0:00:11]} 41. Qd6+ {[%emt 0:00:07]} f6 {[%emt 0:00:06]} 42. Qe6 {[%emt 0:00:04]} 1-0

[Event "Gaprindashvili Cup Open II Stage 2020"]
[Site "Online"]
[Date "2020.11.08"]
[Round "3.1"]
[White "Mchedlishvili, Mikheil"]
[Black "Quparadze, Giga"]
[Result "1-0"]
[WhiteElo "2570"]
[BlackElo "2463"]
[Annotator "TA"]
[PlyCount "71"]
[EventDate "2020.11.04"]
[EventType "swiss"]
[SourceTitle "playchess.com"]
[Source "ChessBase"]
[SourceQuality "1"]

{[%evp 10,71,3,0,0,2,5,6,26,29,76,52,158,133,149,137,202,193,324,328,559,560,631,535,1422,425,466,470,413,363,359,308,324,312,365,185,162,156,183,182,243,249,245,229,316,312,510,492,691,427,523,504,525,513,488,452,521,465,12844,12845,29979,29980,29980,29981]} 1. d4 Nf6 2. Bg5 d5 3. Bxf6 exf6 4. e3 g6 5. c4 dxc4 6. Bxc4 Bd6 {6...Bd6 is better than 6...Bg7. D00: 1 d4 d5: Unusual lines.} 7. Nc3 O-O 8. Nf3 f5 {The position is equal.} 9. h4 {[#]} f4 $146 ({Predecessor:} 9... a6 10. Bb3 Nc6 11. a3 f4 12. e4 Bg4 13. e5 Be7 14. Nd5 Bxf3 15. gxf3 Bxh4 {0-1 (25) Leano Amezquita,H (1899)-Herrera,J (2220) Bogota 2015}) 10. h5 fxe3 (10... g5 $1 $14) 11. hxg6 $16 hxg6 12. fxe3 Bg4 (12... Kg7 $16 {was necessary.}) 13. Qd3 $40 {[%cal Rd3g6][%mdl 128] [#] White goes for the king.} Bg3+ (13... Kg7 $142 14. O-O-O Nc6) 14. Kd2 $18 {[%cal Rd3g6]} Kg7 $2 (14... Bf5) 15. Ne4 Bf5 16. Nfg5 Bxe4 17. Nxe4 (17. Rh7+ $142 Kg8 18. Qxe4 Qxg5 {[#]} 19. Rxf7 $1 {[%mdl 512]}) 17... Bd6 18. Rh3 Rh8 19. Rxh8 Qxh8 20. Qb3 Nd7 21. Rf1 ({Less strong is} 21. Qxb7 Rb8 $16) 21... Rf8 {intending ...Qh2.} 22. Qxb7 (22. Bxf7 $142 Qh2 23. Qe6 {[%mdl 64] Double Attack} Qxg2+ 24. Rf2 Qxf2+ 25. Nxf2 Rxf7 26. Ne4) 22... Qh2 23. Qd5 {[%cal Rf1f7]} f5 {And now ...Nb6 would win.} 24. Nxd6 Nb6 (24... Qxd6 $142 25. Qxd6 cxd6) 25. Nxf5+ gxf5 26. Qc5 {Strongly threatening Qe7+.} Qxg2+ 27. Be2 (27. Kc1 Nxc4 28. Qxc4 c6 $16) 27... Nd5 $2 (27... Rf7 {was worth a try.} 28. Rf3 (28. Rxf5 Rxf5 29. Qxf5 Nc4+ 30. Kc3 Qxe2 $16) 28... Kg8) 28. Rf3 c6 (28... Rd8 $142 29. Rxf5 Rd6) 29. Qxa7+ Rf7 30. Qb8 {Hoping for Rg3+.} f4 31. Qe5+ Kg8 32. exf4 Qh2 {...Re7 is the strong threat.} 33. Qg5+ Kh7 (33... Kf8 $142 34. Rg3 Nf6 35. Qc5+ {[%mdl 64] Double Attack} Re7) 34. Rg3 Nf6 35. Qf5+ Kh8 36. Rh3+ {Black did not feel at home in the position after the opening. Av CentiPawn Loss W=-62/B=-144. Weighted=-53/-117} 1-0

[Event "Gaprindashvili Cup Open II Stage 2020"]
[Site "Online"]
[Date "2020.11.08"]
[Round "3.2"]
[White "Shanava, Konstantine"]
[Black "Paichadze, Luka"]
[Result "0-1"]
[WhiteElo "2504"]
[BlackElo "2565"]
[Annotator "TA"]
[PlyCount "50"]
[EventDate "2020.11.04"]
[EventType "swiss"]
[SourceTitle "playchess.com"]
[Source "ChessBase"]
[SourceQuality "1"]

{[%evp 24,50,33,12,84,84,84,83,102,90,97,92,89,80,92,17,42,24,107,109,105,108,110,109,107,0,0,-818,-820]} 1. e4 c6 2. Nc3 d5 3. Nf3 dxe4 4. Nxe4 Nf6 5. Qe2 Nxe4 6. Qxe4 Nd7 7. Bc4 Nf6 8. Ne5 e6 9. Qe2 Be7 10. c3 O-O 11. d4 c5 12. dxc5 Bxc5 13. O-O Nd7 {B17: Caro-Kann: Modern Line (4...Nd7).} (13... b6 $11) 14. Bf4 $16 Nxe5 {[#]} 15. Bxe5 $146 ({Predecessor:} 15. Qxe5 Be7 16. Rad1 Qb6 17. Bb3 Bf6 18. Qe4 a5 19. Rd6 Qb5 20. Rfd1 a4 21. Bc2 {1-0 (30) Christensen,T (2255)-Bogo,S Lyngby 1990}) 15... f6 {White is better.} 16. Rad1 Qb6 17. Bd4 Bxd4 18. Rxd4 Kh8 19. f4 (19. Bd3 $16) 19... Bd7 20. Qf2 $36 {[%mdl 2048] White has some pressure.} Bc6 (20... Qc7 $11 {remains equal.}) 21. Rd6 ({Of course not} 21. Bxe6 $6 Bxg2 22. Qxg2 Qxe6 $11) 21... Qc7 22. Qc5 ({But not} 22. Rxe6 $6 Bxg2 23. Qxg2 Qxc4 $11) 22... Rfd8 23. Rfd1 Rxd6 24. Qxd6 ({White must play} 24. Rxd6 $16 e5 25. fxe5) 24... Qb6+ $11 25. Qd4 $2 {[%mdl 8192] [#]} (25. Rd4 $11) 25... Rd8 $1 {Av CentiPawn Loss W=-86/B=-16. Weighted=-69/-18} 0-1